00716nam a22001817a 4500003000400000008004100004082002000045245007600065260007400141300001400215650003400229650003200263650001600295700002100311942001200332999001700344952017300361OSt260624b |||||||| |||| 00| 0 eng d a613.04244bR18W aWell-Being of Women : A Holistic Approach/ by Ragini Ranawat...[et al.] aNew Delhi: bInternational Books & Periodicals Supply Service, c2024 ax, 413 p. aTechnology (Applied Sciences) aPersonal health and hygiene aAdult women aRanawat, Ragini  2ddccBK c52281d52281 00102ddc4070aRAUbRAUcGENd2026-06-24eToday & Tomorrow Printers and Publishers g3950.00l0o613.04244 R18Wp87107r2026-06-24w2026-01-29yBKkBill No. IN-00449